00396 a2200097 4500001001000000005001700010008004100027245014800068100002000216773006200236ART_5170220260410162034.0260409a 10aGuardavidas. CCT 179/1991. Entre Ríos, Santa Fé, Córdoba, La Pampa, Río Negro y Buenos Aires (excepto el partido de Gral. Pueyrredón)1 aGodoy, Laura M.0 tLiquidación de sueldosg- N° 177 (feb. 2021)wREV44399